00907cam a22002171 450000100060000000300080000600500170001400800410003103500190007203500190009104000390011004100080014908200230015710000370018024502130021726000430043030000880047365000440056165100390060570000450064427634BD-RjUL20211209051159.0140325s1966 pk ac 000 0 eng  a(BD-RjUL)27713 a(BD-RjUL)27713 aDLCcNNUdNNUdOCoLCdBD-RjULbeng aeng a320.9549bKHA 19661 aKhan, Mohammad Ayub,d1907-1974.10aAyub, soldier and statesman :bspeeches and statements (1958-1965) of Field Marshal Mohammad Ayub Khan, president of Pakistan & a detailed account of the Indo-Pakistan War, 1965 /cEdited by Rais Ahmad Jafri. aLahore :bMohammad Ali Academy ,c1966 axvi, 243, 576 p. (p. 553-576 advertisements) :billus., ports (part col.) ;c25 cm. 0aIndia-Pakistan Conflict, 1965xSources. 0aPakistanxPolitics and government.1 aJaʻfrī, Raʾīs Aḥmad,d1912-1968.